[Event "10th Karpov Memorial 2009"]
[Site "Poikovsky"]
[Date "2009.06.03"]
[Round "1"]
[White "Inarkiev, Ernesto"]
[Black "Shirov, Alexei"]
[Result "1-0"]
[WhiteElo "2676"]
[BlackElo "2745"]
[PlyCount "65"]
[EventDate "2009.??.??"]
[EventCountry "RUS"]

1. e4 e5 2. Nf3 Nc6 3. Bb5 a6 4. Ba4 Nf6 5. O-O b5 6. Bb3 Bc5 7. c3 d6 8. a4
Rb8 9. d4 Bb6 10. Na3 Bg4 11. axb5 axb5 12. Nxb5 O-O 13. Bc2 Bxf3 14. gxf3 Nh5
15. f4 Nxf4 16. Bxf4 exf4 17. Qg4 Qf6 18. b4 g6 19. Kh1 Nd8 20. Bb3 c6 21. Na3
c5 22. Nc4 cxb4 23. Ra6 Bc7 24. Nxd6 bxc3 25. e5 Qg7 26. Nf5 gxf5 27. Qd1 Kh8
28. Rg1 Bxe5 29. dxe5 Qxe5 30. Rh6 f3 31. Qf1 Qg7 32. Rxg7 Kxg7 33. Rxh7+ 1-0

[Event "10th Karpov Memorial 2009"]
[Site "Poikovsky"]
[Date "2009.06.04"]
[Round "2"]
[White "Rublevsky, Sergei"]
[Black "Gashimov, Vugar"]
[Result "1/2-1/2"]
[WhiteElo "2702"]
[BlackElo "2730"]
[PlyCount "52"]
[EventDate "2009.??.??"]
[EventCountry "RUS"]

1. e4 c5 2. Nf3 d6 3. d4 cxd4 4. Nxd4 Nf6 5. Nc3 g6 6. Be3 Bg7 7. f3 O-O 8. Qd2
Nc6 9. O-O-O d5 10. exd5 Nxd5 11. Nxc6 bxc6 12. Bd4 Nxc3 13. Qxc3 Bh6+ 14. Be3
Bxe3+ 15. Qxe3 Qb6 16. Qxe7 Be6 17. Qa3 Rad8 18. Bd3 Rd5 19. b3 Rfd8 20. Rde1
c5 21. Bc4 Rd2 22. Bxe6 fxe6 23. Rd1 Rxd1+ 24. Rxd1 Rxd1+ 25. Kxd1 c4 26. Qe7
Qg1+ 1/2-1/2

[Event "10th Karpov Memorial 2009"]
[Site "Poikovsky"]
[Date "2009.06.05"]
[Round "3"]
[White "Bologan, Viktor"]
[Black "Rublevsky, Sergei"]
[Result "1/2-1/2"]
[WhiteElo "2690"]
[BlackElo "2702"]
[PlyCount "103"]
[EventDate "2009.??.??"]
[EventCountry "RUS"]

1. e4 c5 2. Nf3 e6 3. d4 cxd4 4. Nxd4 a6 5. Nc3 Qc7 6. Bd3 Nf6 7. f4 b5 8. e5
b4 9. Na4 Nd5 10. Be4 Bb7 11. O-O g6 12. c4 Qxc4 13. b3 Qc7 14. Qf3 Nc6 15. Bb2
Rc8 16. Rad1 Nc3 17. Bxc3 bxc3 18. Nxc6 Bxc6 19. Nxc3 d5 20. exd6 Bxd6 21. Qd3
Bb4 22. Bxc6+ Qxc6 23. Ne4 Be7 24. Nd6+ Bxd6 25. Qxd6 Qxd6 26. Rxd6 O-O 27.
Rxa6 Rfd8 28. g3 h5 29. Rf2 h4 30. gxh4 Kg7 31. Ra5 Kh6 32. Kg2 Rd1 33. Re5 Rb1
34. h5 gxh5 35. f5 Rg8+ 36. Kf3 Rg5 37. h4 Rxf5+ 38. Rxf5 exf5 39. Ke3 Kg6 40.
Rf4 Kf6 41. Rb4 Re1+ 42. Kf3 Rf1+ 43. Ke2 Ra1 44. a4 Ke5 45. Ke3 Re1+ 46. Kd2
Ra1 47. Rc4 f4 48. Rc1 Ra2+ 49. Rc2 Ra1 50. Rc1 Ra2+ 51. Rc2 Ra1 52. Rc1
1/2-1/2

[Event "10th Karpov Memorial 2009"]
[Site "Poikovsky"]
[Date "2009.06.05"]
[Round "3"]
[White "Inarkiev, Ernesto"]
[Black "Efimenko, Zahar"]
[Result "1-0"]
[WhiteElo "2676"]
[BlackElo "2682"]
[PlyCount "133"]
[EventDate "2009.??.??"]
[EventCountry "RUS"]

1. e4 e5 2. Nf3 Nc6 3. Bb5 Nf6 4. d3 Bc5 5. Bxc6 dxc6 6. h3 Be6 7. Ng5 Qd6 8.
Nd2 O-O-O 9. Nb3 Bb6 10. Qe2 Nd7 11. Nxe6 Qxe6 12. a4 a6 13. a5 Ba7 14. Be3 Kb8
15. O-O f6 16. f4 Rhe8 17. Bxa7+ Kxa7 18. Nd2 exf4 19. Rxf4 Ne5 20. Qe3+ Kb8
21. b4 Qd6 22. Rb1 Qd4 23. Qxd4 Rxd4 24. Rff1 Nd7 25. Rf5 g6 26. Rf3 Rd6 27.
Rbf1 b6 28. g4 Rde6 29. d4 Ka7 30. Ra1 Kb7 31. Kg2 g5 32. Raf1 h5 33. gxh5 Rh8
34. axb6 cxb6 35. c4 Rxh5 36. c5 a5 37. bxa5 bxc5 38. a6+ Ka8 39. e5 cxd4 40.
exf6 Rh8 41. f7 Rf8 42. Rf5 Re7 43. Nc4 d3 44. R1f3 Ka7 45. Kg3 c5 46. Rxd3
Rfxf7 47. Nd6 Rxf5 48. Nc8+ Kxa6 49. Nxe7 Rf7 50. Rxd7 c4 51. Rd6+ Kb5 52. Nd5
Rf1 53. Nc3+ Kb4 54. Rd1 Rf8 55. Ne4 Kb3 56. Rc1 Rd8 57. Rc3+ Kb4 58. Re3 Re8
59. Kg4 Re5 60. Nc3 Ra5 61. Kh5 Kb3 62. Kg6 Kb4 63. Kf6 Kb3 64. Ne4+ Kb4 65.
Rg3 Rd5 66. Rxg5 Rd3 67. Rg3 1-0

[Event "10th Karpov Memorial 2009"]
[Site "Poikovsky/Russia"]
[Date "2009.06.06"]
[Round "4"]
[White "Shirov, Alexei"]
[Black "Gashimov, Vugar"]
[Result "0-1"]
[WhiteElo "2745"]
[BlackElo "2730"]
[PlyCount "110"]
[EventDate "2009.??.??"]
[EventCountry "RUS"]

1. e4 e5 2. Nf3 Nf6 3. Nxe5 d6 4. Nf3 Nxe4 5. d4 d5 6. Bd3 Nc6 7. O-O Be7 8.
Nc3 Bf5 9. Re1 Nxc3 10. bxc3 Bxd3 11. Qxd3 O-O 12. c4 Bf6 13. Ba3 dxc4 14. Qxc4
Re8 15. Rxe8+ Qxe8 16. Re1 Qd7 17. c3 h6 18. h3 Na5 19. Qd3 Rd8 20. Nd2 Qa4 21.
Bc1 Re8 22. Ne4 Bd8 23. Re3 b6 24. Rg3 Re6 25. Kh2 Qxa2 26. d5 Rg6 27. Rxg6
fxg6 28. Qd4 c6 29. dxc6 Bc7+ 30. g3 Qe6 31. Qd7 Qxd7 32. cxd7 Kf7 33. Nd6+ Ke7
34. Nc8+ Kxd7 35. Nxa7 Be5 36. Kg2 Bxc3 37. Be3 Nc4 38. Kf3 Be5 39. Ke4 Bb8 40.
Nb5 Nxe3 41. Kxe3 Kc6 42. Nd4+ Kd5 43. Kd3 Be5 44. Nc2 Kc5 45. f4 Bf6 46. g4 b5
47. Ne1 b4 48. Nf3 g5 49. fxg5 Bxg5 50. h4 Be7 51. Nd4 Kd5 52. Nf5 Bf8 53. g5
hxg5 54. hxg5 Ke5 55. Nd4 Bc5 0-1

[Event "10th Karpov Memorial 2009"]
[Site "Poikovsky"]
[Date "2009.06.07"]
[Round "5"]
[White "Gashimov, Vugar"]
[Black "Sutovsky, Emil"]
[Result "1/2-1/2"]
[WhiteElo "2730"]
[BlackElo "2660"]
[PlyCount "63"]
[EventDate "2009.??.??"]
[EventCountry "RUS"]

1. e4 e5 2. Nf3 Nc6 3. Bb5 a6 4. Ba4 Nf6 5. O-O Nxe4 6. d4 b5 7. Bb3 d5 8. dxe5
Be6 9. Nbd2 Be7 10. c3 O-O 11. Bc2 f5 12. Nb3 Qd7 13. Nbd4 Nxd4 14. Nxd4 c5 15.
Nxe6 Qxe6 16. f3 Ng5 17. a4 Rad8 18. axb5 axb5 19. Ra7 Rd7 20. Rxd7 Qxd7 21.
Be3 Ne6 22. f4 g6 23. g3 Rd8 24. Bf2 d4 25. cxd4 Nxd4 26. Bxd4 Qxd4+ 27. Qxd4
Rxd4 28. Rd1 c4 29. Rxd4 Bc5 30. b3 Bxd4+ 31. Kg2 cxb3 32. Bxb3+ 1/2-1/2

[Event "10th Karpov Memorial 2009"]
[Site "Poikovsky"]
[Date "2009.06.07"]
[Round "5"]
[White "Bologan, Viktor"]
[Black "Shirov, Alexei"]
[Result "1/2-1/2"]
[WhiteElo "2690"]
[BlackElo "2745"]
[PlyCount "48"]
[EventDate "2009.??.??"]
[EventCountry "RUS"]

1. e4 e5 2. Nf3 Nf6 3. Nxe5 d6 4. Nf3 Nxe4 5. d4 d5 6. Bd3 Nc6 7. O-O Be7 8. c4
Nb4 9. Be2 O-O 10. Nc3 Bf5 11. a3 Nxc3 12. bxc3 Nc6 13. Re1 Re8 14. Bf4 dxc4
15. Bxc4 Bd6 16. Rxe8+ Qxe8 17. Bxd6 cxd6 18. Ng5 Bg6 19. h4 Qe7 20. Qg4 h6 21.
Nh3 Qe4 22. Qd7 Na5 23. Ba2 Qc6 24. Qxc6 Nxc6 1/2-1/2

[Event "10th Karpov Memorial 2009"]
[Site "Poikovsky"]
[Date "2009.06.09"]
[Round "6"]
[White "Shirov, Alexei"]
[Black "Rublevsky, Sergei"]
[Result "1/2-1/2"]
[WhiteElo "2745"]
[BlackElo "2702"]
[PlyCount "78"]
[EventDate "2009.??.??"]
[EventCountry "RUS"]

1. e4 c5 2. Nf3 e6 3. d4 cxd4 4. Nxd4 Nc6 5. Nc3 Qc7 6. Be3 Nf6 7. f4 Bb4 8.
Ndb5 Qa5 9. e5 Nd5 10. Bd2 Nxc3 11. bxc3 Bc5 12. c4 Qd8 13. Bd3 d6 14. exd6
Bxd6 15. Nxd6+ Qxd6 16. O-O O-O 17. Bc3 f5 18. Kh1 Bd7 19. Bxf5 Qxd1 20. Raxd1
exf5 21. Rxd7 Rf7 22. Rxf7 Kxf7 23. Rb1 Nd8 24. c5 Rc8 25. Ba5 Ke6 26. Bxd8
Rxd8 27. h3 Rd7 28. c4 h6 29. Kh2 g5 30. Kg3 Rd3+ 31. Kf2 Rd4 32. fxg5 hxg5 33.
Rxb7 Rxc4 34. Rxa7 Rxc5 35. a4 Rc2+ 36. Kf3 Rc3+ 37. Kf2 Ra3 38. Ra5 Ra2+ 39.
Kg3 Ra3+ 1/2-1/2

[Event "10th Karpov Memorial 2009"]
[Site "Poikovsky"]
[Date "2009.06.10"]
[Round "7"]
[White "Bologan, Viktor"]
[Black "Inarkiev, Ernesto"]
[Result "1/2-1/2"]
[WhiteElo "2690"]
[BlackElo "2676"]
[PlyCount "59"]
[EventDate "2009.06.03"]
[EventCountry "RUS"]

1. e4 e5 2. Nf3 Nf6 3. d4 Nxe4 4. Bd3 d5 5. Nxe5 Nd7 6. Nxd7 Bxd7 7. O-O Bd6 8.
c4 c6 9. cxd5 cxd5 10. Nc3 Nxc3 11. bxc3 O-O 12. Qh5 g6 13. Qxd5 Qc7 14. Bh6
Rfd8 15. h4 Be6 16. Qg5 Qxc3 17. Rfd1 Bf8 18. Bxf8 Kxf8 19. Qh6+ Kg8 20. h5
Qxd4 21. hxg6 hxg6 22. Bxg6 Qg7 23. Bh7+ Kh8 24. Rxd8+ Rxd8 25. Qh4 Qxa1+ 26.
Bb1+ Kg7 27. Qg5+ Kf8 28. Qxd8+ Kg7 29. Qg5+ Kf8 30. Qd8+ 1/2-1/2

[Event "10th Karpov Memorial 2009"]
[Site "Poikovsky"]
[Date "2009.06.11"]
[Round "8"]
[White "Efimenko, Zahar"]
[Black "Shirov, Alexei"]
[Result "1/2-1/2"]
[WhiteElo "2682"]
[BlackElo "2745"]
[PlyCount "45"]
[EventDate "2009.06.03"]
[EventCountry "RUS"]

1. e4 e5 2. Nf3 Nc6 3. Bb5 a6 4. Ba4 Nf6 5. d3 d6 6. c3 g6 7. Nbd2 Bg7 8. Nf1
O-O 9. Ng3 b5 10. Bc2 Nb8 11. O-O Nbd7 12. a4 Bb7 13. b4 Re8 14. Be3 d5 15. h3
Qe7 16. Qb1 c5 17. bxc5 dxe4 18. Nxe4 Nxe4 19. dxe4 Nxc5 20. axb5 axb5 21. Rxa8
Bxa8 22. Nd2 Rb8 23. Qb4 1/2-1/2

[Event "10th Karpov Memorial 2009"]
[Site "Poikovsky"]
[Date "2009.06.12"]
[Round "9"]
[White "Gashimov, Vugar"]
[Black "Efimenko, Zahar"]
[Result "1/2-1/2"]
[WhiteElo "2730"]
[BlackElo "2682"]
[PlyCount "88"]
[EventDate "2009.06.03"]
[EventCountry "RUS"]

1. e4 e5 2. Nf3 Nc6 3. Bb5 Nf6 4. O-O Nxe4 5. d4 Nd6 6. Bxc6 dxc6 7. dxe5 Nf5
8. Qxd8+ Kxd8 9. Nc3 Ke8 10. Ne2 Ne7 11. h3 a5 12. Re1 Nd5 13. Bd2 h6 14. Nfd4
a4 15. e6 fxe6 16. Nxe6 Bxe6 17. Nd4 Kf7 18. Nxe6 a3 19. bxa3 Bxa3 20. c4 Nb4
21. Nxc7 Rac8 22. Re3 Nc2 23. Rf3+ Ke7 24. Rd1 Rxc7 25. Rc3 Bb4 26. Rxc2 Bxd2
27. Rcxd2 Ra8 28. Re2+ Kf7 29. Rb2 Ra4 30. Rdb1 Rxc4 31. Rxb7 Rxb7 32. Rxb7+
Kf6 33. Ra7 Rc1+ 34. Kh2 c5 35. a4 c4 36. Rc7 c3 37. a5 Ke5 38. a6 Kd4 39. a7
Ra1 40. Rxg7 c2 41. Rc7 Kd3 42. Rd7+ Ke2 43. Rc7 Kd2 44. Rd7+ Ke2 1/2-1/2